Vista normal
Vista MARC
Entrada Personal Name
Número de registros utilizados en: 1
001 - CONTROL NUMBER
- control field: 12057
003 - CONTROL NUMBER IDENTIFIER
- control field: DLC
005 - DATE AND TIME OF LATEST TRANSACTION
- control field: 20220208134009.0
008 - FIXED-LENGTH DATA ELEMENTS
- fixed length control field: 961213n| azannaabn |a aaa c
010 ## - LIBRARY OF CONGRESS CONTROL NUMBER
- LC control number: no 96066030
035 ## - SYSTEM CONTROL NUMBER
- System control number: (OCoLC)oca04229412
040 ## - CATALOGING SOURCE
- Original cataloging agency: NmU
- Language of cataloging: spa
- Description conventions: rda
- Transcribing agency: Mx-PuUPA
- Modifying agency: DLC
- Modifying agency: NNFr
- Modifying agency: OCoLC
- Modifying agency: CoU
- Modifying agency: Mx-PuUPA
046 ## - SPECIAL CODED DATES
- Birth date: 1963
- Source of date scheme: edtf
100 1# - HEADING--PERSONAL NAME
- Personal name: Cabañas Bravo, Miguel,
- Dates associated with a name: 1963-
370 ## - ASSOCIATED PLACE
- Place of birth: Madrid (España)
- Source of term: naf
374 ## - OCCUPATION
- Occupation: Editor
375 ## - GENDER
- Gender: hombre
377 ## - ASSOCIATED LANGUAGE
- Language code: spa
400 1# - SEE FROM TRACING--PERSONAL NAME
- Personal name: Cabañas, Miguel
- Dates associated with a name: 1963-
400 1# - SEE FROM TRACING--PERSONAL NAME
- Personal name: Bravo, Miguel Cabañas
- Dates associated with a name: 1963-
400 1# - SEE FROM TRACING--PERSONAL NAME
- Personal name: Cabañas Bravo, José Miguel
- Dates associated with a name: 1963-
400 1# - SEE FROM TRACING--PERSONAL NAME
- Personal name: Bravo, José Miguel Cabañas
- Dates associated with a name: 1963-
670 ## - SOURCE DATA FOUND
- Source citation: Artistas contra Franco, 1996:
- Information found: t.p. (Miguel Cabañas Bravo) introd. (Miguel Cabañas)
670 ## - SOURCE DATA FOUND
- Source citation: La primera Bienal Hispanoamericana de Arte, 1991:
- Information found: t.p. (José Miguel Cabañas Bravo)
670 ## - SOURCE DATA FOUND
- Source citation: Identidades y tránsitos artísticos en el exilio español de 1939 hacia Latinoamérica, 2019:
- Information found: title page (Miguel Cabañas Bravo) inside front flap (born in Madrid in 1963)